Statistics for Coldplay Charting Songs (Billboard Hot 100)

Click here to take the quiz!

General Stats

  • This quiz has been taken 57 times
    (18 since last reset)
  • The average score is 14 of 24

Answer Stats

AlbumWeeks OnPeakArtist(s)Song% Correct
Viva la Vida or Death and All His Friends51 Weeks#1 (1 Week)ColdplayViva la Vida
100%
Memories...Do Not Open39 Weeks#3The Chainsmokers & ColdplaySomething Just Like This
93%
Mylo Xyloto32 Weeks#15ColdplayParadise
87%
Parachutes20 Weeks#48ColdplayYellow
87%
A Rush of Blood to the Head22 Weeks#29ColdplayClocks
87%
Ghost Stories26 Weeks#10ColdplayA Sky Full of Stars
80%
A Head Full of Dreams20 Weeks#13ColdplayAdventure of a Lifetime
73%
X&Y7 Weeks#59ColdplayFix You
73%
Music of the Spheres16 Weeks#1 (1 Week)Coldplay x BTSMy Universe
73%
Mylo Xyloto18 Weeks#14ColdplayEvery Teardrop is a Waterfall
67%
A Head Full of Dreams23 Weeks#25Coldplay ft. BeyonceHymn for the Weekend
67%
Ghost Stories14 Weeks#14ColdplayMagic
60%
X&Y20 Weeks#8ColdplaySpeed of Sound
60%
Viva la Vida or Death and All His Friends10 Weeks#40ColdplayViolet Hill
53%
Mylo Xyloto12 Weeks#20Coldplay ft. RihannaPrincess of China
53%
Music of the Spheres2 Weeks#53ColdplayHigher Power
47%
X&Y6 Weeks#86ColdplayTalk
47%
Ghost Stories3 Weeks#29ColdplayMidnight
40%
Music of the Spheres1 Week#91Coldplay & Selena GomezLet Somebody Go
40%
The Hunger Games: Catching Fire soundtrack2 Weeks#69ColdplayAtlas
33%
Prospekt's March5 Weeks#40Coldplay with Jay-ZLost!
27%
Every Teardrop is a Waterfall EP1 Week#92ColdplayMajor Minus
27%
Non-Album Single3 Weeks#25ColdplayChristmas Lights
20%
Every Teardrop is a Waterfall EP1 Week#90ColdplayMoving to Mars
13%

Score Distribution

Percentile by Number Answered

Percent of People with Each Score

Your Score History

You have not taken this quiz since the last reset